01766nam a2200265Ia 4500001000600000003000900006008004100015040001300056040001300069041001300082100001400095100002900109245003300138245003300171250001100204260001600215260001600231260004900247300005700296500100900353650002601362650003101388700002701419700005401446F8240IT-RoPAU130308s9999 xx 000 0 und d aIT-RoPAU cIT-RoPAU aITALIANO aAmodio G. gCodice Aut. SPICS: 52753 aCinematografia professionale bCinematografia Professionale a1a ed. aFAENZA (RA) bCinetecnica c1998 [1° Ed.:1998 - Ed.Ling.Originale:1998] a"282 p. (prefazione: no ; testo: 282 [pagine: 0-0])" aQuesto Volume si Propone di Fornire tutti gli Strumenti Necessari Alla Costruzione di un Film a Chi si Accosti a Questo settore Convinto di Potervi Aggiungere nuove Idee e Necessiti di Conoscere Tutte le Tecniche Inerenti Scrittura, ripresa e Produzione di un lungometraggio Cinematografico. Sceneggiatura: Tecniche di Narrazione e strutture Filmiche, Elementi di Grammaticafilmica, Costruire la Sceneggiatura. Elementi di Cinematografia: Luce, Formati, Cinepresa, Obiettivi, Pellicole, Illuminazione, Filtri, Sonoro. Ripresa. Montaggio: montaggio Classico, montaggio Digitale e Computer Grafica. produrre un Film: Preproduzione, Organizzazione del Film, Diritto Cinematografico, Opera Cinematografica, Registrazioni, Personale e Contratti, benefici di legge e Creditizi, Distribuzione, Produzione. Appendici: scheda Valoredi Esposizione, Tempo di Esposizione, conversioneDi Diaframmi, Schede Tecniche Pellicole, istruzioni Arri 535B, Distanze Iperfocali e Profondità Dicampo per Pellicole 35Mm e 16Mm. aREGIA CINEMATOGRAFICA eCodice materia Spics: 6803 aFlint J.Pintersmann M. gCodice Aut. SPICS: 52754Codice Aut. SPICS: 52755